| 000 | 00000nam 2200000zi 4500 |
| 001 | 9.939228 |
| 003 | CaOODSP |
| 005 | 20241203113656 |
| 006 | m o d f |
| 007 | cr |n||||||||| |
| 008 | 240611s1993 onca o f000 0 eng d |
| 020 | |z0662203062|q(print) |
| 040 | |aCaOODSP|beng|erda|cCaOODSP |
| 043 | |an-cn--- |
| 086 | 1 |aEn57-31/3-1993E-PDF|zEn57-31/3-1993E |
| 245 | 04|aThe atmosphere - out of sight, out of mind? |
| 264 | 1|aOttawa, Ontario : |bEnvironment Canada = Environnement Canada, |c[1993] |
| 300 | |a1 online resource (4 unnumbered pages) : |bcolour illustrations |
| 336 | |atext|btxt|2rdacontent |
| 337 | |acomputer|bc|2rdamedia |
| 338 | |aonline resource|bcr|2rdacarrier |
| 490 | 0 |aEnvironmental citizenship |
| 500 | |aDigitized edition from print [produced by Environment and Climate Change Canada]. |
| 500 | |aIssued also in French under title: L'atmosphère - loin des yeux, loin du coeur? |
| 650 | 0|aAtmosphere. |
| 650 | 0|aEnvironmental protection. |
| 650 | 0|aGreenhouse gas mitigation. |
| 650 | 0|aAir|xPollution|xPrevention. |
| 710 | 1 |aCanada. |bEnvironment Canada, |eissuing body. |
| 775 | 08|tL'atmosphère - loin des yeux, loin du coeur?|w(CaOODSP)9.939955 |
| 856 | 40|qPDF|s2.34 MB|uhttps://publications.gc.ca/collections/collection_2024/eccc/en57/En57-31-3-1993-eng.pdf |